[Event "Magistral Copa ENTEL 2005"]
[Site "Santiago de Chile CHI"]
[Date "2005.03.19"]
[Round "9.3"]
[White "Zambrana, Osvaldo"]
[Black "Hellsten, Johan"]
[Result "0-1"]
[WhiteElo "2472"]
[BlackElo "2554"]
[PlyCount "88"]
[EventDate "2005.03.15"]
[EventType "tourn"]
[EventRounds "13"]
[EventCountry "CHI"]
[Source "lmi"]
[SourceDate "2005.03.23"]

1. e4 c5 2. Nf3 e6 3. d4 cxd4 4. Nxd4 a6 5. c4 b6 6. Be3 Bb7 7. Nc3 Nc6 8. a3
Nf6 9. f3 Rb8 10. Be2 Nxd4 11. Bxd4 Qc7 12. Qd2 Bd6 13. Qg5 e5 14. Bf2 O-O 15.
O-O Bc5 16. Rac1 h6 17. Qd2 Rfc8 18. Rfd1 a5 19. Nb5 Bxf2+ 20. Kxf2 Qc5+ 21.
Kf1 a4 22. Qb4 Ra8 23. Nd6 Rc7 24. Nb5 Rc6 25. Nc3 Rcc8 26. Nb5 Bc6 27. Nd6
Rcb8 28. Qd2 Nh7 29. Nf5 Nf8 30. Qe1 Ne6 31. Rd5 Qf8 32. Rxe5 g6 33. Qg3 Kh7
34. Rd1 gxf5 35. exf5 Ng5 36. f6 Ra5 37. Rdd5 Bxd5 38. cxd5 Qc5 39. Bd3+ Kh8
40. Qh4 Qc1+ 41. Kf2 Qd2+ 42. Be2 Nh7 43. f4 Rg8 44. Qxh6 Rxd5 0-1

[Event "Magistral Copa ENTEL 2005"]
[Site "Santiago de Chile CHI"]
[Date "2005.03.19"]
[Round "9.4"]
[White "Michel, Christian"]
[Black "Felgaer, Ruben"]
[Result "0-1"]
[WhiteElo "2341"]
[BlackElo "2588"]
[PlyCount "116"]
[EventDate "2005.03.15"]
[EventType "tourn"]
[EventRounds "13"]
[EventCountry "CHI"]
[Source "lmi"]
[SourceDate "2005.03.23"]

1. e4 c5 2. Nf3 Nc6 3. Bb5 d6 4. d4 cxd4 5. Qxd4 e5 6. Qd3 Be7 7. O-O Nf6 8.
Bg5 O-O 9. Bxf6 Bxf6 10. Nc3 Nb4 11. Qd2 Bg4 12. Be2 Qd7 13. Rfd1 Rad8 14. a3
Nc6 15. Nd5 Ne7 16. Nxf6+ gxf6 17. Qe3 Kh8 18. Qxa7 Rg8 19. Kh1 Qc6 20. Qe3 f5
21. exf5 f6 22. c4 Nxf5 23. Qc3 Rg6 24. h3 Rh6 25. Nxe5 fxe5 26. Bxg4 Nh4 27.
f3 Rg8 28. Rd2 Ng6 29. Rad1 Nf4 30. Kh2 b6 31. b4 Rf6 32. g3 Ng6 33. Qe3 Rgf8
34. Qe4 Qc7 35. h4 Ne7 36. Kg2 Ng8 37. Rc1 Rg6 38. Bf5 Rgf6 39. Bg4 Rg6 40. Qd3
Nh6 41. h5 Rgf6 42. Qe4 Nf7 43. Rd3 Ng5 44. Qe2 Qg7 45. c5 bxc5 46. bxc5 e4 47.
fxe4 Rf2+ 48. Qxf2 Rxf2+ 49. Kxf2 Qb2+ 50. Be2 Qxc1 51. cxd6 Nxe4+ 52. Kf3 Nc5
53. Rd1 Qxa3+ 54. Kf4 Ne6+ 55. Kf5 Qe3 56. d7 Ng7+ 57. Kf6 Qf2+ 58. Kg5 h6+ 0-1

[Event "Magistral Copa ENTEL 2005"]
[Site "Santiago de Chile CHI"]
[Date "2005.03.19"]
[Round "9.5"]
[White "Rodriguez, Andres"]
[Black "Llorens, Marcelo"]
[Result "1-0"]
[WhiteElo "2536"]
[BlackElo "2418"]
[PlyCount "156"]
[EventDate "2005.03.15"]
[EventType "tourn"]
[EventRounds "13"]
[EventCountry "CHI"]
[Source "lmi"]
[SourceDate "2005.03.23"]

1. e4 c5 2. Nf3 Nc6 3. d4 cxd4 4. Nxd4 Nf6 5. Nc3 e5 6. Ndb5 d6 7. Bg5 a6 8.
Na3 b5 9. Nd5 Qa5+ 10. Bd2 Qd8 11. c4 Nxe4 12. cxb5 Be6 13. Bc4 Ne7 14. Be3 Rc8
15. Nb6 d5 16. Nxc8 Nxc8 17. Bd3 Qa5+ 18. Kf1 Bxa3 19. bxa3 O-O 20. Qb3 axb5
21. Qxb5 Qc3 22. Rc1 Qxa3 23. Bxe4 dxe4 24. Qxe5 Rd8 25. Qxe4 Qxa2 26. h3 Bd5
27. Qg4 Ne7 28. Kg1 Be6 29. Qb4 Nf5 30. Bc5 Qd5 31. Bb6 Re8 32. Qc5 Qb3 33. Kh2
h6 34. Rb1 Qa4 35. Qb5 Qa8 36. Rhd1 Kh7 37. Qd3 g6 38. Bc7 Qa4 39. Re1 Qh4 40.
Qd2 Nd4 41. Qf4 Qxf4+ 42. Bxf4 g5 43. Be5 Nf5 44. Rb8 Rxb8 45. Bxb8 Kg6 46. Be5
Nh4 47. f3 Nf5 48. Bc3 h5 49. g4 hxg4 50. hxg4 Ne7 51. Re5 Nc6 52. Rc5 Nb8 53.
Bd2 f6 54. Kg3 Nd7 55. Rc6 Kf7 56. Bc3 Nf8 57. Rc7+ Nd7 58. Bd4 Ke7 59. Ra7 Kf7
60. Kf2 Ke7 61. Ke3 Kf7 62. Ke4 Ke7 63. Be3 Kf7 64. Kd4 Ke7 65. Ra5 Kf7 66. Bd2
Ke7 67. Bb4+ Kf7 68. Bd6 Kg6 69. Bc7 Kf7 70. Kc3 Ke7 71. Kb4 Kf7 72. Kb5 Bd5
73. Ra3 Nf8 74. Kc5 Bb7 75. Kd6 Ng6 76. Bd8 Ne5 77. Ra7 Nxf3 78. Rxb7+ Kg6 1-0

[Event "Magistral Copa ENTEL 2005"]
[Site "Santiago de Chile CHI"]
[Date "2005.03.19"]
[Round "10.1"]
[White "Llorens, Marcelo"]
[Black "Rojas, Luis"]
[Result "0-1"]
[WhiteElo "2418"]
[BlackElo "1379"]
[PlyCount "72"]
[EventDate "2005.03.15"]
[EventType "tourn"]
[EventRounds "13"]
[EventCountry "CHI"]
[Source "lmi"]
[SourceDate "2005.03.23"]

1. e4 e6 2. d4 d5 3. e5 c5 4. c3 Nc6 5. Be3 Nh6 6. Nf3 Nf5 7. Qd2 Nxe3 8. fxe3
Be7 9. Bd3 O-O 10. O-O c4 11. Bc2 f6 12. exf6 Bxf6 13. e4 Bd7 14. e5 Be7 15. b3
b5 16. bxc4 bxc4 17. Qe3 Rb8 18. Nbd2 Rb2 19. Ba4 Qc8 20. Ng5 Rxf1+ 21. Rxf1
Bxg5 22. Qxg5 h6 23. Qf4 Qe8 24. Bd1 Rxa2 25. Bg4 Qg6 26. Bh3 Kh7 27. Nf3 a5
28. Qf8 Rb2 29. Qd6 Nb8 30. Nh4 Qe4 31. Nf3 a4 32. Qe7 Qg6 33. Qf8 Rb1 34. Rxb1
Qxb1+ 35. Kf2 Qb2+ 36. Kg3 a3 0-1

[Event "Magistral Copa ENTEL 2005"]
[Site "Santiago de Chile CHI"]
[Date "2005.03.19"]
[Round "10.2"]
[White "Felgaer, Ruben"]
[Black "Rodriguez, Andres"]
[Result "1-0"]
[WhiteElo "2588"]
[BlackElo "2536"]
[PlyCount "63"]
[EventDate "2005.03.15"]
[EventType "tourn"]
[EventRounds "13"]
[EventCountry "CHI"]
[Source "lmi"]
[SourceDate "2005.03.23"]

1. e4 e6 2. d4 d5 3. Nc3 Bb4 4. e5 c5 5. a3 Bxc3+ 6. bxc3 Nc6 7. Nf3 Qa5 8. Qd2
f6 9. Rb1 cxd4 10. exf6 gxf6 11. Nxd4 Nge7 12. Be2 O-O 13. O-O Rf7 14. Nb5 Qd8
15. c4 Rg7 16. cxd5 Qxd5 17. Qxd5 Nxd5 18. c4 Nb6 19. Rd1 Na4 20. Bh6 Rg6 21.
Bd2 Rg7 22. Bh6 Rd7 23. Rb3 Re7 24. Rg3+ Kh8 25. Rgd3 Rg7 26. Bxg7+ Kxg7 27.
Rg3+ Kf8 28. Bf3 Nb2 29. Rb1 Nxc4 30. Bxc6 bxc6 31. Nc7 Nd2 32. Rd1 1-0

[Event "Magistral Copa ENTEL 2005"]
[Site "Santiago de Chile CHI"]
[Date "2005.03.19"]
[Round "10.3"]
[White "Hellsten, Johan"]
[Black "Michel, Christian"]
[Result "1-0"]
[WhiteElo "2554"]
[BlackElo "2431"]
[PlyCount "85"]
[EventDate "2005.03.15"]
[EventType "tourn"]
[EventRounds "13"]
[EventCountry "CHI"]
[Source "lmi"]
[SourceDate "2005.03.23"]

1. d4 f5 2. c4 e6 3. Nc3 d5 4. Nf3 c6 5. Bf4 Bd6 6. e3 Nf6 7. Be2 O-O 8. O-O b6
9. Qc2 Ne4 10. Rab1 a5 11. a3 Bb7 12. b4 axb4 13. axb4 Bxf4 14. exf4 Nd7 15.
Rfc1 Qe7 16. c5 Ra3 17. Rb3 Rfa8 18. Rxa3 Rxa3 19. Qb2 Ra8 20. cxb6 Qd8 21. Ra1
Rxa1+ 22. Qxa1 Qxb6 23. Qa3 Nxc3 24. Qxc3 Ba6 25. Qe3 Nf8 26. Bxa6 Qxa6 27. h4
Qa1+ 28. Kh2 Qb2 29. Qe1 h6 30. g3 Kh7 31. Kg2 Qc2 32. Ne5 Kg8 33. h5 Kh7 34.
Qe3 Kh8 35. Nf7+ Kg8 36. Nd8 Qc4 37. Qe1 Kh8 38. Nxe6 Nd7 39. Nxg7 Kxg7 40.
Qe7+ Kg8 41. Qe6+ Kf8 42. Qxd7 Qxd4 43. Qxf5+ 1-0

[Event "Magistral Copa ENTEL 2005"]
[Site "Santiago de Chile CHI"]
[Date "2005.03.19"]
[Round "10.4"]
[White "Ricardi, Pablo"]
[Black "Zambrana, Osvaldo"]
[Result "1-0"]
[WhiteElo "2547"]
[BlackElo "2472"]
[PlyCount "63"]
[EventDate "2005.03.15"]
[EventType "tourn"]
[EventRounds "13"]
[EventCountry "CHI"]
[Source "lmi"]
[SourceDate "2005.03.23"]

1. Nf3 Nf6 2. c4 e6 3. g3 b6 4. Bg2 Bb7 5. O-O Be7 6. b3 O-O 7. Bb2 c5 8. e3
Na6 9. Qe2 d5 10. Rd1 Re8 11. d4 Bf8 12. Nc3 cxd4 13. Nxd4 Nc5 14. Nc2 a5 15.
e4 Qb8 16. e5 Nfd7 17. cxd5 exd5 18. f4 f6 19. Bxd5+ Bxd5 20. Nxd5 fxe5 21. f5
Kh8 22. Nce3 Qb7 23. Ng4 Rac8 24. Rd2 e4 25. f6 Nd3 26. fxg7+ Bxg7 27. Bxg7+
Kxg7 28. Rxd3 exd3 29. Qb2+ Ne5 30. Nxe5 Qxd5 31. Ng4+ Re5 32. Qxe5+ 1-0

[Event "Magistral Copa ENTEL 2005"]
[Site "Santiago de Chile CHI"]
[Date "2005.03.19"]
[Round "10.5"]
[White "Lopez, Hugo"]
[Black "Leitao, Rafael"]
[Result "0-1"]
[WhiteElo "2386"]
[BlackElo "2580"]
[PlyCount "162"]
[EventDate "2005.03.15"]
[EventType "tourn"]
[EventRounds "13"]
[EventCountry "CHI"]
[Source "lmi"]
[SourceDate "2005.03.23"]

1. e4 c5 2. Nf3 d6 3. d4 cxd4 4. Nxd4 Nf6 5. Nc3 a6 6. Be3 e5 7. Nb3 Be6 8. f3
Nbd7 9. g4 Nb6 10. g5 Nh5 11. Qd2 Be7 12. O-O-O Rc8 13. Rg1 O-O 14. Na5 Qc7 15.
Kb1 d5 16. exd5 Nxd5 17. Nxd5 Bxd5 18. Rc1 Bxf3 19. Bh3 Rce8 20. Qf2 e4 21. Bb6
Qe5 22. Nc4 Qb5 23. b3 Nf4 24. Bf1 Qf5 25. Rg3 Rc8 26. h4 Bc5 27. Bxc5 Rxc5 28.
Nd2 Nh5 29. Rh3 Bg4 30. Qxf5 Bxf5 31. Re3 Re8 32. Rce1 Rce5 33. Nc4 R5e6 34.
Rd1 b5 35. Na5 Bg4 36. Rd4 f5 37. gxf6 Nxf6 38. c4 Re5 39. Nc6 Rf5 40. Bd3 Rc5
41. cxb5 axb5 42. Nb4 Rec8 43. Bc2 Bf5 44. Kb2 Kf7 45. a4 bxa4 46. bxa4 h6 47.
Bb3+ Kf8 48. Rg3 Re5 49. Rd6 e3 50. Nc6 Rxc6 51. Rxc6 e2 52. Rg1 e1=Q 53. Rxe1
Rxe1 54. a5 Re7 55. a6 Ra7 56. Bc4 Ke7 57. Kc3 Be4 58. Re6+ Kd7 59. Kd4 Bf5 60.
Re5 g6 61. Ra5 Kc6 62. Rc5+ Kd6 63. Ra5 h5 64. Bf1 Kc7 65. Rc5+ Kd6 66. Ra5 Bc8
67. Bd3 Ke6 68. Bc4+ Ke7 69. Ke5 Nd7+ 70. Kf4 Kf6 71. Rd5 Nf8 72. Ra5 Ne6+ 73.
Ke4 Nc7 74. Rc5 Bxa6 75. Rc6+ Kg7 76. Bxa6 Nxa6 77. Kf4 Rf7+ 78. Kg3 Nc7 79.
Rd6 Ne8 80. Ra6 Nf6 81. Re6 Ng8 0-1

[Event "Magistral Copa ENTEL 2005"]
[Site "Santiago de Chile CHI"]
[Date "2005.03.21"]
[Round "11.2"]
[White "Zambrana, Osvaldo"]
[Black "Lopez, Hugo"]
[Result "0-1"]
[WhiteElo "2472"]
[BlackElo "2386"]
[PlyCount "94"]
[EventDate "2005.03.15"]
[EventType "tourn"]
[EventRounds "13"]
[EventCountry "CHI"]
[Source "lmi"]
[SourceDate "2005.03.23"]

1. e4 e5 2. Nf3 Nc6 3. Bc4 Bc5 4. c3 Nf6 5. d3 d6 6. O-O Bb6 7. Bb3 Ne7 8. Nbd2
c6 9. d4 Ng6 10. Re1 O-O 11. h3 h6 12. Nf1 Re8 13. Ng3 Be6 14. a4 Qc7 15. Bxe6
Rxe6 16. dxe5 dxe5 17. Nf5 Rd8 18. Qb3 Kh7 19. g3 Rd7 20. Kg2 Ne7 21. N3h4 Nxf5
22. Nxf5 h5 23. Qa3 Qd8 24. a5 Bc7 25. Bg5 g6 26. Ne3 Qe8 27. Nc4 b5 28. axb6
axb6 29. Qa6 Kg7 30. b4 b5 31. Bxf6+ Rxf6 32. Ne3 Rd2 33. Rf1 Qd8 34. Rad1 Qd3
35. Rxd2 Qxd2 36. Qb7 Bd6 37. Qxc6 Bxb4 38. Qxb5 Bxc3 39. Nd5 Re6 40. Nxc3 Qxc3
41. Rd1 Rf6 42. Qe2 Re6 43. Rd8 Rf6 44. h4 Rb6 45. Qa2 Rb3 46. Qa8 Qf3+ 47. Kh3
Qh1# 0-1

[Event "Magistral Copa ENTEL 2005"]
[Site "Santiago de Chile CHI"]
[Date "2005.03.21"]
[Round "11.3"]
[White "Michel, Christian"]
[Black "Ricardi, Pablo"]
[Result "1-0"]
[WhiteElo "2341"]
[BlackElo "2547"]
[PlyCount "121"]
[EventDate "2005.03.15"]
[EventType "tourn"]
[EventRounds "13"]
[EventCountry "CHI"]
[Source "lmi"]
[SourceDate "2005.03.23"]

1. d4 Nf6 2. Nf3 d5 3. c4 e6 4. Nc3 Nbd7 5. cxd5 exd5 6. Bg5 c6 7. e3 Be7 8.
Bd3 O-O 9. Qc2 g6 10. O-O Nh5 11. Bxe7 Qxe7 12. Rab1 Nhf6 13. b4 a6 14. a4 Nb6
15. Rfc1 Be6 16. Nd2 Rfe8 17. Ne2 Rac8 18. Qa2 Ng4 19. Nf3 Nc4 20. Bxc4 dxc4
21. h3 Nf6 22. a5 Bd5 23. Ne5 Ne4 24. Qc2 Nd6 25. Nc3 f6 26. Nf3 Nb5 27. Qe2
Rcd8 28. Na4 Bf7 29. Qb2 g5 30. Nd2 Nd6 31. Nb6 Bd5 32. Re1 f5 33. Rbc1 g4 34.
hxg4 fxg4 35. Qc2 Qg5 36. e4 Nxe4 37. Nxe4 Rxe4 38. Rxe4 Bxe4 39. Qxc4+ Bd5 40.
Qc3 Re8 41. Re1 Rxe1+ 42. Qxe1 Kf7 43. Nd7 Qf4 44. Qe5 Qe4 45. Qxe4 Bxe4 46.
Nc5 Bf5 47. Nxb7 Ke7 48. Nc5 Bc8 49. Kf1 Kd6 50. Ke2 Kd5 51. Kd3 h5 52. g3 Bf5+
53. Ke3 Bc8 54. Na4 Kc4 55. Nb6+ Kxb4 56. Nxc8 Kxa5 57. Kd3 Kb4 58. Ne7 c5 59.
Nd5+ Kb5 60. Nc3+ Kc6 61. d5+ 1-0

[Event "Magistral Copa ENTEL 2005"]
[Site "Santiago de Chile CHI"]
[Date "2005.03.21"]
[Round "11.5"]
[White "Rojas, Luis"]
[Black "Felgaer, Ruben"]
[Result "1/2-1/2"]
[WhiteElo "2379"]
[BlackElo "2588"]
[PlyCount "50"]
[EventDate "2005.03.15"]
[EventType "tourn"]
[EventRounds "13"]
[EventCountry "CHI"]
[Source "lmi"]
[SourceDate "2005.03.23"]

1. e4 c5 2. Nf3 d6 3. d4 cxd4 4. Nxd4 Nf6 5. Nc3 g6 6. Be3 Bg7 7. f3 O-O 8. Qd2
Nc6 9. Bc4 Nd7 10. h4 Nde5 11. Bb3 Na5 12. Qe2 Bd7 13. h5 Nxb3 14. axb3 a6 15.
g4 e6 16. hxg6 fxg6 17. Qh2 Nxf3+ 18. Nxf3 Rxf3 19. Qxh7+ Kf7 20. Ke2 Rxe3+ 21.
Kxe3 Qg5+ 22. Kd3 Bb5+ 23. Nxb5 Qxb5+ 24. Ke3 Qg5+ 25. Kd3 Qb5+ 1/2-1/2

[Event "Magistral Copa ENTEL 2005"]
[Site "Santiago de Chile CHI"]
[Date "2005.03.21"]
[Round "12.2"]
[White "Hellsten, Johan"]
[Black "Rojas, Luis"]
[Result "1-0"]
[WhiteElo "2554"]
[BlackElo "2379"]
[PlyCount "45"]
[EventDate "2005.03.15"]
[EventType "tourn"]
[EventRounds "13"]
[EventCountry "CHI"]
[Source "lmi"]
[SourceDate "2005.03.23"]

1. d4 Nf6 2. c4 g6 3. Nc3 d5 4. Bg5 Ne4 5. Bh4 Nxc3 6. bxc3 Bg7 7. cxd5 Qxd5 8.
e3 c5 9. Qf3 Qd7 10. Bc4 O-O 11. Ne2 cxd4 12. exd4 Nc6 13. O-O b6 14. Bb5 Ne5
15. dxe5 Qxb5 16. Qxa8 Bg4 17. Qxa7 Bxe2 18. Rfe1 Bxe5 19. Rab1 Qc4 20. Qxe7 f6
21. Bxf6 Rxf6 22. Qxe5 Re6 23. Qd4 1-0

[Event "Magistral Copa ENTEL 2005"]
[Site "Santiago de Chile CHI"]
[Date "2005.03.21"]
[Round "12.6"]
[White "Vasquez, Rodrigo"]
[Black "Leitao, Rafael"]
[Result "1/2-1/2"]
[WhiteElo "2561"]
[BlackElo "2580"]
[PlyCount "33"]
[EventDate "2005.03.15"]
[EventType "tourn"]
[EventRounds "13"]
[EventCountry "CHI"]
[Source "lmi"]
[SourceDate "2005.03.23"]

1. e4 c6 2. d4 d5 3. exd5 cxd5 4. c4 Nf6 5. Nc3 Nc6 6. Bg5 e6 7. c5 Be7 8. Bb5
O-O 9. Nge2 e5 10. O-O h6 11. dxe5 Nxe5 12. Bf4 Ng6 13. Be3 Ng4 14. Bd4 Bxc5
15. Bxc5 Qc7 16. g3 Qxc5 17. Qxd5 1/2-1/2

[Event "Magistral Copa ENTEL 2005"]
[Site "Santiago de Chile CHI"]
[Date "2005.03.22"]
[Round "13.1"]
[White "Zambrana, Osvaldo"]
[Black "Vasquez, Rodrigo"]
[Result "0-1"]
[WhiteElo "2472"]
[BlackElo "2561"]
[PlyCount "114"]
[EventDate "2005.03.15"]
[EventType "tourn"]
[EventRounds "13"]
[EventCountry "CHI"]
[Source "lmi"]
[SourceDate "2005.03.23"]

1. e4 c5 2. Nf3 d6 3. d4 cxd4 4. Nxd4 Nf6 5. Nc3 a6 6. Be3 e6 7. f3 b5 8. g4 h6
9. Qd2 b4 10. Na4 Nbd7 11. c4 bxc3 12. Nxc3 Bb7 13. Be2 d5 14. exd5 Nxd5 15.
Nxd5 Bxd5 16. O-O Bc5 17. Rac1 O-O 18. b4 Ba7 19. a3 Qh4 20. Bf2 Qh3 21. Nc6
Bxc6 22. Bxa7 Ne5 23. Qf4 Ng6 24. Qe3 Bb5 25. Bb6 e5 26. Rf2 Nf4 27. Bf1 Bxf1
28. Rcxf1 Qh4 29. Rd2 Rfe8 30. Qe4 h5 31. Be3 Qf6 32. Rfd1 hxg4 33. fxg4 Qg5
34. Qf3 f5 35. Bxf4 exf4 36. Qd5+ Kh8 37. Qxf5 Qh4 38. Qxf4 Re6 39. Qg3 Qg5 40.
Rd5 Qe7 41. Rh5+ Kg8 42. Rf1 Rf8 43. Rxf8+ Qxf8 44. Qh4 Qd6 45. Rh8+ Kf7 46.
Qf2+ Rf6 47. Qa2+ Ke7 48. Qe2+ Re6 49. Qf3 Re1+ 50. Kg2 Qd2+ 51. Kg3 Re3 52.
Rf8 Rxf3+ 53. Rxf3 Ke6 54. h3 g5 55. Rf5 Qe3+ 56. Kh2 Qxa3 57. Rxg5 Qxb4 0-1

[Event "Magistral Copa ENTEL 2005"]
[Site "Santiago de Chile CHI"]
[Date "2005.03.22"]
[Round "13.3"]
[White "Rodriguez, Andres"]
[Black "Lopez, Hugo"]
[Result "0-1"]
[WhiteElo "2536"]
[BlackElo "2386"]
[PlyCount "100"]
[EventDate "2005.03.15"]
[EventType "tourn"]
[EventRounds "13"]
[EventCountry "CHI"]
[Source "lmi"]
[SourceDate "2005.03.23"]

1. e4 e5 2. Nf3 Nc6 3. Bc4 Bc5 4. c3 Nf6 5. d3 d6 6. Nbd2 a6 7. Bb3 O-O 8. h3
Ba7 9. g4 Nd7 10. Nf1 Nc5 11. Bc2 d5 12. Qe2 dxe4 13. dxe4 b5 14. Ne3 Re8 15.
O-O Ne6 16. Rd1 Nf4 17. Qf1 Qf6 18. Nf5 Be6 19. Bxf4 exf4 20. Qg2 Ne5 21. N5d4
Bd7 22. Nxe5 Qxe5 23. Nf3 Qe7 24. Qh2 Bc6 25. Nd4 Bb7 26. Qxf4 g6 27. f3 c5 28.
Nb3 Bb8 29. Qd2 Bc7 30. Qf2 c4 31. Nd4 Kg7 32. Qg2 Rh8 33. a4 b4 34. cxb4 Rad8
35. a5 Bf4 36. Kh1 Be3 37. Ne2 Qxb4 38. Ng3 Qxb2 39. Nf1 Qc3 40. Qe2 Bf4 41.
Ra4 Rxd1 42. Bxd1 Rc8 43. Kg2 Rc5 44. Qa2 Bc6 45. Ra3 Qe1 46. Qc2 c3 47. Be2
Qc1 48. Qxc1 Bxc1 49. Ra2 c2 50. Bd3 Bb2 0-1

[Event "Magistral Copa ENTEL 2005"]
[Site "Santiago de Chile CHI"]
[Date "2005.03.22"]
[Round "13.4"]
[White "Rojas, Luis"]
[Black "Ricardi, Pablo"]
[Result "0-1"]
[WhiteElo "2379"]
[BlackElo "2547"]
[PlyCount "98"]
[EventDate "2005.03.15"]
[EventType "tourn"]
[EventRounds "13"]
[EventCountry "CHI"]
[Source "lmi"]
[SourceDate "2005.03.23"]

1. e4 c5 2. Nf3 d6 3. d4 cxd4 4. Nxd4 Nf6 5. Nc3 a6 6. Be3 e5 7. Nb3 Be7 8. h3
Be6 9. Qd2 b5 10. O-O-O Nbd7 11. g4 b4 12. Nd5 Bxd5 13. exd5 a5 14. g5 Ne4 15.
Qd3 a4 16. Nd2 Nec5 17. Bxc5 Nxc5 18. Qb5+ Kf8 19. Qxb4 Bxg5 20. Kb1 Rb8 21.
Qc3 Bxd2 22. Qxd2 Qb6 23. Qc1 Ne4 24. Re1 Qd4 25. Re3 Nxf2 26. c3 Qb6 27. Rh2
Qxb2+ 28. Qxb2 Rxb2+ 29. Kxb2 Nd1+ 30. Ka3 Nxe3 31. Bb5 Nxd5 32. c4 Nb6 33.
Bxa4 Nxa4 34. Kxa4 Ke7 35. Kb5 Rb8+ 36. Kc6 Rb4 37. c5 Rc4 38. a4 Rxc5+ 39. Kb6
Rc3 40. Ra2 Rxh3 41. a5 Kd7 42. a6 Rb3+ 43. Ka5 Kc6 44. Rc2+ Kd5 45. a7 Ra3+
46. Kb6 f5 47. Rb2 Rxa7 48. Kxa7 e4 49. Rd2+ Ke5 0-1

[Event "Magistral Copa ENTEL 2005"]
[Site "Santiago de Chile CHI"]
[Date "2005.03.22"]
[Round "13.6"]
[White "Llorens, Marcelo"]
[Black "Felgaer, Ruben"]
[Result "0-1"]
[WhiteElo "2418"]
[BlackElo "2588"]
[PlyCount "72"]
[EventDate "2005.03.15"]
[EventType "tourn"]
[EventRounds "13"]
[EventCountry "CHI"]
[Source "lmi"]
[SourceDate "2005.03.23"]

1. e4 c5 2. Nf3 Nc6 3. Bb5 e6 4. O-O Nge7 5. c3 d5 6. e5 a6 7. Ba4 c4 8. d4
cxd3 9. Qxd3 Ng6 10. Re1 Bd7 11. Bc2 Qc7 12. Qe2 Bc5 13. Nbd2 Ba7 14. Nb3 Rc8
15. h4 Bb8 16. g3 Ncxe5 17. Nxe5 Nxe5 18. Bf4 f6 19. Qh5+ Ke7 20. Nd4 g6 21.
Qd1 Kf7 22. Bb3 Qb6 23. Be3 Qd6 24. f4 Nc4 25. Bc1 Rhe8 26. h5 e5 27. fxe5 fxe5
28. Nf3 Kg7 29. Rf1 Bg4 30. h6+ Kh8 31. Qe1 Bh3 32. Bxc4 Rxc4 33. Rf2 Re4 34.
Re2 Rxe2 35. Qxe2 Bg4 36. Qg2 Rf8 0-1